000 002880000a22001330004500
003 MACL
040 _aMACL
090 _c9023
_d9022
100 _aA Board of Scholars
245 _aBrahma Purana
_bPart 3
260 _bMotilal Banarsidass
_c1986
650 _aReligion
942 _cBOOK
_k294.59
999 _c8968
_d8968